Evaluación sistemática: guía teórica y práctica

Sparad:
Bibliografiska uppgifter
Huvudupphovsmän: Stufflebeam, Daniel L (Författare, medförfattare), Skinkfield, Anthony J (Författare, medförfattare)
Materialtyp: Bok
Språk:spanska
Publicerad: Barcelona Paidós 1993
Serie:Temas de Educación, 4
Ämnen:
Taggar: Lägg till en tagg
Inga taggar, Lägg till första taggen!

MARC

LEADER 00000nam a2200000 a 4500
001 UCY5464
003 CL-VaPUC
008 950508e19930000SP |||||||||||||||||spa|d
020 |a 8475094457 
082 0 4 |a 371.26  |b STU  |2 21 
100 0 |a Stufflebeam, Daniel L  |e author  |9 334260 
700 0 |a Skinkfield, Anthony J  |e author  |9 334261 
245 1 0 |a Evaluación sistemática: guía teórica y práctica 
300 |a 381 p 
942 |c BK 
945 |d 19950508 00:00:00  |a rbrito 
260 |a Barcelona  |b Paidós  |c 1993 
650 7 |a EVALUACION DEL RENDIMIENTO  |2 CL-VaPUC  |9 334262 
650 0 |a Evaluación de la educación   |9 237505 
583 |a last modification  |c 19950508 00:00:00  |k Rodrigo Vera 
490 0 |a Temas de Educación, 4 
999 |c 233123  |d 233121 
952 |0 0  |1 0  |4 0  |6 371_260000000000000_STU_1993  |7 0  |8 A  |9 238332  |a BIBING  |b BIBING  |d 2019-11-18  |i 3084078  |o 371.26 STU 1993  |p 3084078  |r 2025-01-20  |w 2019-11-18  |y BK  |k GEO 
952 |0 0  |1 0  |4 0  |6 371_260000000000000_STU_1993  |7 0  |8 P  |9 238333  |a BIBEDU  |b BIBEDU  |c BIBEDU_PB  |d 2019-11-18  |i 4522311  |l 1  |o 371.26 STU 1993  |p 4522311  |r 2024-01-25  |s 2023-06-22  |w 2019-11-18  |y BK  |k PSI